000 00302nam a22001337a 4500
008 171019b xxu||||| |||| 00| 0 eng d
020 _a9780073529776
041 _aeng
080 _212TH
_a338
100 _a53
101 _aMEN
245 _aMANAGEMENT OF A SALES FORCE
_cSPIRO,R.L
942 _2udc
_cBK
999 _c34958
_d34958